| 000 | 00784cam a22002777a 4500 | ||
|---|---|---|---|
| 003 | CHAP | ||
| 005 | 20220329141611.0 | ||
| 008 | 971013s1901 r 00010 d | ||
| 010 | _a70796 | ||
| 011 | _a71768 | ||
| 035 | _a81322 | ||
| 040 | _cCHAP | ||
| 082 |
_a593 _bC3 |
||
| 100 | 0 | 0 |
_aCalkins, Gary N. _917521 |
| 245 | 1 | 4 | _aThe protozoa |
| 260 |
_aNew York : _bMacMillan, _c1901 |
||
| 300 |
_a347 p. _b: ilus. |
||
| 490 | 0 |
_aColumbia University Biological Series _v; VI |
|
| 590 |
_aBATCH-UPD _b10 _c20130110 _lUCH01 _h0441 |
||
| 590 |
_aCONVERSION _b10 _c20130109 _lUCH01 _h1339 |
||
| 650 | 1 | 4 |
_aProtozoarios. _992471 |
| 830 | 0 |
_aColumbia University Biological Series _v; VI _925484 |
|
| 901 | _aBK | ||
| 942 | _cLIBRO | ||
| 949 |
_a593 C3 _bBC _cMUT _d-34599 _eMUT _h3785 _i81322 _si |
||
| 999 |
_c70796 _d70796 |
||